000 01110nam a2200301 i 4500
003 EG-GICUC
005 20260501092056.0
008 260501s1959 fr ||||fr|||| 00| 0 fre d
040 _aEG-GiCUC
_bfre
_cEG-GiCUC
_dEG-GiCUC
_eRda
082 0 4 _221
_a343.1163042
_bIN . G
092 0 4 _221
099 _aLaw1 10 343.1163042 IN . G 1959
110 _aInstitut De Droit Comparé De L'université De Paris
_eAuteur
245 _aLes Grands Systèmes De Droit Pénal Contemporains:
_bIntroduction Au Droit Criminel De L'angleterre/
_cInstitut De Droit Comparé De L'université De Paris.
264 1 _aParis:
_bLes Editions De L'epargne,
_c1959.
300 _a306 page ;
_c 24 cm.
336 _2rda contenu
_a texte
337 _2rda medias
_aOrdinateur
338 _2 transporteur rda
_a Ressource en ligne
546 _aTexte en français
650 1 _aDroit Pénal
650 1 _aCode Pénal et Technologies Modernes
700 1 _aAncel,Marc
_eÉditeur
700 1 _aRadzinowicz,L.
_eÉditeur
856 4 0 _uhttps://fll.law.cu.edu.eg/fulltext/bks/B10-11291.pdf
905 _a59
942 _2ddc
_n0
_cBK
_e21
999 _c74610
_d74610